000 00426nam a22001571a 4500
020 _a9788121205337
082 _a155.28
_bHAS/P
100 _aQamar Hasan
245 _aPersonality assessment:
_bfresh psychological look/
_cby Qamar Hasan; foreward by D M Pestonjee
260 _aNew Delhi:
_bJnan,
_c1997.
300 _a317p.
500 _aQamar Hasan
650 _aPersonality Tests
650 _aPsychology
942 _cBK
999 _c34187
_d34187